| 000 | 00418cam a2200145ua 4500 | ||
|---|---|---|---|
| 020 | _a9780070702424 | ||
| 082 |
_a551.48 _bCHO/AP |
||
| 100 | _aChow, Ven Te . | ||
| 245 | _aApplied hydrology / | ||
| 260 |
_aNew York : _aNew Delhi : _bMcGraw Hill Book Company , _bTata McGraw Hill Education Pvt. Ltd _c1988. _c2010 |
||
| 300 | _a572 ; . | ||
| 700 | 1 | _aMaidment, David R . | |
| 700 | 1 | _aMays, Larry W . | |
| 942 | _cBK | ||
| 999 |
_c13162 _d13162 |
||